مكتبة جامعة عجلون الوطنية

فهرس بحث المكتبة

بلوغ الأرب في معرفة احوال العرب،ج2 (Record no. 30156)

MARC details
000 -LEADER
fixed length control field 00809nam a2200193Ii 4500
003 - CONTROL NUMBER IDENTIFIER
control field JO-AjNU
008 - FIXED-LENGTH DATA ELEMENTS--GENERAL INFORMATION
fixed length control field 230605s9999||||xx |||||||||||||| ||und||
040 ## - CATALOGING SOURCE
Original cataloging agency JO-AjNU
Language of cataloging ara
Description conventions rda
Transcribing agency JO-AjNU
041 ## - LANGUAGE CODE
Language code of text/sound track or separate title ara
050 14 - LIBRARY OF CONGRESS CALL NUMBER
Classification number DS231.A531900
100 3# - MAIN ENTRY--PERSONAL NAME
Personal name تاليف: الالوسي البغدادي، السيد محمود شكري؛ عني بشرحه وتصحيحه وضبطه: محمد بهجة الاثري,
Relator term author
9 (RLIN) 59120
245 00 - TITLE STATEMENT
Title بلوغ الأرب في معرفة احوال العرب،ج2
264 31 - PRODUCTION, PUBLICATION, DISTRIBUTION, MANUFACTURE, AND COPYRIGHT NOTICE
Place of production, publication, distribution, manufacture بيروت: دار الكتب العلمية، 1900
300 ## - PHYSICAL DESCRIPTION
Extent ج2: 395ص
Other physical details يحتوي على فهرس من ص 372-395
336 ## - CONTENT TYPE
Content type term text
Content type code txt
Source rdacontent
337 ## - MEDIA TYPE
Media type term unmediated
Media type code n
Source rdamedia
338 ## - CARRIER TYPE
Carrier type term volume
Carrier type code nc
Source rdacarrier
650 #4 - SUBJECT ADDED ENTRY--TOPICAL TERM
Topical term or geographic name entry element جاهلية- تاريخ - عرب
9 (RLIN) 59121
Holdings
Withdrawn status Lost status Source of classification or shelving scheme Damaged status Not for loan Home library Current library Shelving location Date acquired Total Checkouts Full call number Barcode Date last seen Price effective from Koha item type
    Library of Congress Classification     مكتبة جامعة عجلون الوطنية مكتبة جامعة عجلون الوطنية المراجع 06/06/2023   DS231.A531900 A26588 06/06/2023 06/06/2023 Reference